Tafsier al-Qurânul madjied "An-Nur" / (Record no. 62093)

MARC details
000 -LEADER
fixed length control field 00728cam a22002531i 4500
001 - CONTROL NUMBER
control field sa 65001540
003 - CONTROL NUMBER IDENTIFIER
control field DLC
005 - DATE AND TIME OF LATEST TRANSACTION
control field 20260227112109.0
008 - FIXED-LENGTH DATA ELEMENTS--GENERAL INFORMATION
fixed length control field 830629m19009999io 000 0 ind
010 ## - LIBRARY OF CONGRESS CONTROL NUMBER
LC control number sa 65001540
035 ## - SYSTEM CONTROL NUMBER
System control number (OCoLC)9655084
040 ## - CATALOGING SOURCE
Original cataloging agency DLC
Transcribing agency OAU
Modifying agency OCoLC
-- DLC
041 0# - LANGUAGE CODE
Language code of text/sound track or separate title indarb
042 ## - AUTHENTICATION CODE
Authentication code premarc
050 00 - LIBRARY OF CONGRESS CALL NUMBER
Classification number BP130.4
Item number .A8
100 2# - MAIN ENTRY--PERSONAL NAME
Personal name Ash Shiddieqy, M. Hasbi,
Titles and words associated with a name T.,
Dates associated with a name 1906-
245 10 - TITLE STATEMENT
Title Tafsier al-Qurânul madjied "An-Nur" /
Statement of responsibility, etc. [oleh] M. Hasbi Ash-shiddieqy.
250 ## - EDITION STATEMENT
Edition statement [Tjet. 2]
260 ## - PUBLICATION, DISTRIBUTION, ETC.
Place of publication, distribution, etc. Djakarta :
Name of publisher, distributor, etc. Bulan Bintang,
Date of publication, distribution, etc. 19--
300 ## - PHYSICAL DESCRIPTION
Extent v. :
Other physical details ill. ;
Dimensions 22-24 cm.
500 ## - GENERAL NOTE
General note Indonesian and Arabic.
500 ## - GENERAL NOTE
General note Vols.7, 15-17, 30: tjet. 1.
630 00 - SUBJECT ADDED ENTRY--UNIFORM TITLE
Uniform title Qurʼan
General subdivision Commentaries.

No items available.

Powered by Koha